Nói thế nào để được chào đón làm thế nào để được ghi nhận

Sách giúp cho bạn hiểu ưu điểm của mình thông qua cách nói chuyện, làm việc khóe léo, lầm thế nào để gây ấn tượng tốt với người khác chỉ qua lần gập gỡ ban đầu.

Gorde:
Xehetasun bibliografikoak
Egile nagusia: Trịnh Tiểu Lan (Chủ biên)
Beste egile batzuk: Thu Trần (Dịch)
Formatua: Liburua
Hizkuntza:Vietnamese
Argitaratua: H. Thanh niên 2017
Gaiak:
Etiketak: Etiketa erantsi
Etiketarik gabe, Izan zaitez lehena erregistro honi etiketa jartzen!
Thư viện lưu trữ: Thư viện Trường Đại học Nam Cần Thơ
LEADER 01243nam a22002177a 4500
001 NCT_54397
008 181025b xxu||||| |||| 00| 0 vie d
999 |c 2610  |d 2610 
020 |a 9786046464846  |c 93000 
082 0 4 |2 23rd ed.  |a 153.6  |b L105 
100 1 |a Trịnh Tiểu Lan  |e Chủ biên 
245 1 0 |a Nói thế nào để được chào đón làm thế nào để được ghi nhận  |c Trịnh Tiểu Lan ; Thu Trần (dịch) 
260 |a H.  |b Thanh niên  |c 2017 
300 |a 271 tr.  |c 23cm 
520 3 |a Sách giúp cho bạn hiểu ưu điểm của mình thông qua cách nói chuyện, làm việc khóe léo, lầm thế nào để gây ấn tượng tốt với người khác chỉ qua lần gập gỡ ban đầu. 
653 |a Tham khảo 
700 1 |a Thu Trần   |e Dịch 
942 |2 ddc  |c BK 
952 |0 0  |1 0  |2 ddc  |4 0  |6 153_600000000000000_L105  |7 0  |9 14763  |a 000001  |b 000001  |d 2018-10-25  |o 153.6 L105  |p TK.01154  |r 2018-10-25  |v 93000.00  |w 2018-10-25  |y BK 
952 |0 0  |1 0  |2 ddc  |4 0  |6 153_600000000000000_L105  |7 0  |9 14764  |a 000001  |b 000001  |d 2018-10-25  |o 153.6 L105  |p TK.01155  |r 2018-10-25  |v 93000.00  |w 2018-10-25  |y BK 
980 |a Thư viện Trường Đại học Nam Cần Thơ